000 00550nam a22001697a 4500
003 NUST
038 _aNusrat Nadeem
082 _a200
100 _aAshraf, Javed
_9124514
245 _aMachine Learning Based Intrusion Detection System for IoT Networks/
_cJaved Ashraf
264 _aRawalpindi;
_bMCS NUST;
_c2021.
300 _a161,p;
_bill;
_c30,cm.
650 _aPhD- Computer Software Engineering
_9124478
700 _aSupervisor:Dr. Hasnat Khurshid
_9118288
856 _uhttp://10.250.8.41:8080/xmlui/handle/123456789/28109
942 _2ddc
_cSC
999 _c610352
_d610352